000 00945nam a2200253Ia 4500
999 _c49339
_d49339
001 16256
003 GE_BSU
005 20250616125916.0
008 181216s2002||||ge |||||||||||||| ||geo||
040 _cGE_BSU
041 _ageo
080 _a7.01(031)+111.852(031)
100 _aთეზელიშვილი, სოლომონ
_912293
245 _aესთეტიკა: (ენციკლოპედია)
245 _cმთ. რედ.: გერისო კელაპტრიშვილი, რედ. ირმა შულაია
260 _aთბილისი
260 _bგ.გ
260 _c2009
300 _a456გვ;29სმ
300 _bტერმინთა საძ.: გვ. 447-455.
520 _aგარეკანზე ავტ. მითით. არ არიან
653 _aესთეტიკის ენციკლოპედია
942 _cBK
_2udc